000
00224nam a2200097Ia 4500
008
120527s9999 xx 000 0 und d
100
_a
Porter,R.I.
245
_a
Further elementry analysis.
260
_b
Pergamon
942
_c
BK
999
_c
22297
_d
22297